000 00234nam a2200097Ia 4500
001 656565
005 20250826154558.0
008 250824s9999 xx 000 0 und d
245 0 _aMARTI DUYULAR HER DENEY BİR EĞLENCE
260 _bMARTI
999 _c656565
_d656565